000 00630nam a2200217 a 4500
001 000038292
003 DO-SdBNP
005 20230511100335.0
007 ta
008 130408s2021 dr 000 0 spa d
020 _a9789945931143
040 _aDO-SdBNP
_bspa
_cBNPHU
082 _axxx
_bM321
245 1 0 _aMarcos Evangelista Adón :
_bde la celebridad a la leyenda
260 _aSanto Domingo :
_bInstituto Duartiano ,
_c2021.
300 _a24 p. ;
_c14 cm.
590 _aInventariado, 2022 / DG
710 1 _aRepública Dominicana
_bComisión Permanente de Efemérides Patria
_945309
910 _aDG
942 _2ddc
_cLBS1
999 _c51962
_d51962